<?xml version="1.0" encoding="UTF-8"?>
<record
    xmlns:xsi="http://www.w3.org/2001/XMLSchema-instance"
    xsi:schemaLocation="http://www.loc.gov/MARC21/slim http://www.loc.gov/standards/marcxml/schema/MARC21slim.xsd"
    xmlns="http://www.loc.gov/MARC21/slim">

  <leader>01104nam a22002891i 4500</leader>
  <controlfield tag="005">20201108162055.0</controlfield>
  <controlfield tag="008">201108t2017    my a|||g  ||| 000 0 may d</controlfield>
  <datafield tag="020" ind1=" " ind2=" ">
    <subfield code="a">9789671336311</subfield>
    <subfield code="c">RM 55.00</subfield>
    <subfield code="q">paperback</subfield>
  </datafield>
  <datafield tag="040" ind1=" " ind2=" ">
    <subfield code="a">PPAK</subfield>
    <subfield code="b">eng</subfield>
    <subfield code="c">PPAK</subfield>
    <subfield code="e">rda</subfield>
  </datafield>
  <datafield tag="082" ind1="0" ind2="4">
    <subfield code="2">23</subfield>
    <subfield code="a">398.20959522</subfield>
  </datafield>
  <datafield tag="090" ind1="0" ind2="0">
    <subfield code="a">398.20959522</subfield>
    <subfield code="b">HEI</subfield>
    <subfield code="d">G</subfield>
  </datafield>
  <datafield tag="100" ind1="0" ind2=" ">
    <subfield code="a">Heidi Munan</subfield>
    <subfield code="d">1941-,</subfield>
    <subfield code="e">author.</subfield>
  </datafield>
  <datafield tag="245" ind1="1" ind2="0">
    <subfield code="a">SARAWAK FOLKTALES :</subfield>
    <subfield code="b">BIDAYUH, IBAN, MALAY, MELANAU, ORANG ULU /</subfield>
    <subfield code="c">heidimunan</subfield>
  </datafield>
  <datafield tag="264" ind1=" " ind2="1">
    <subfield code="a">Sarawak :</subfield>
    <subfield code="b">MUCOW books company ,</subfield>
    <subfield code="c">2017</subfield>
  </datafield>
  <datafield tag="264" ind1=" " ind2="4">
    <subfield code="c">&#xA9;2017</subfield>
  </datafield>
  <datafield tag="300" ind1=" " ind2=" ">
    <subfield code="a">256 pages :</subfield>
    <subfield code="b">illustration (black and white) ;</subfield>
    <subfield code="c">22 cm.</subfield>
  </datafield>
  <datafield tag="336" ind1=" " ind2=" ">
    <subfield code="2">rdacontent</subfield>
    <subfield code="a">text</subfield>
  </datafield>
  <datafield tag="337" ind1=" " ind2=" ">
    <subfield code="2">rdamedia</subfield>
    <subfield code="a">unmediated</subfield>
  </datafield>
  <datafield tag="338" ind1=" " ind2=" ">
    <subfield code="2">rdacarrier</subfield>
    <subfield code="a">volume</subfield>
  </datafield>
  <datafield tag="650" ind1="1" ind2="0">
    <subfield code="a">Tales</subfield>
    <subfield code="z">Malaysia</subfield>
    <subfield code="z">Sarawak.</subfield>
  </datafield>
  <datafield tag="650" ind1="2" ind2="0">
    <subfield code="a">Bidayuh (Bornean people)</subfield>
    <subfield code="z">Malaysia</subfield>
    <subfield code="z">Sarawak</subfield>
    <subfield code="x">Folkfore.</subfield>
  </datafield>
  <datafield tag="650" ind1="2" ind2="0">
    <subfield code="a">Iban (Bornean people)</subfield>
    <subfield code="z">Malaysia</subfield>
    <subfield code="z">Sarawak</subfield>
    <subfield code="x">Folkfore.</subfield>
  </datafield>
  <datafield tag="650" ind1="2" ind2="0">
    <subfield code="a">Malay (Bornean people)</subfield>
    <subfield code="z">Malaysia</subfield>
    <subfield code="z">Sarawak</subfield>
    <subfield code="x">Folkfore.</subfield>
  </datafield>
  <datafield tag="650" ind1="2" ind2="0">
    <subfield code="a">Melanau (Bornean people)</subfield>
    <subfield code="z">Malaysia</subfield>
    <subfield code="z">Sarawak</subfield>
    <subfield code="x">Folkfore.</subfield>
  </datafield>
  <datafield tag="650" ind1="2" ind2="0">
    <subfield code="a">Orang Ulu (Bornean people)</subfield>
    <subfield code="z">Malaysia</subfield>
    <subfield code="z">Sarawak</subfield>
    <subfield code="x">Folkfore.</subfield>
  </datafield>
  <datafield tag="942" ind1=" " ind2=" ">
    <subfield code="2">ddc</subfield>
    <subfield code="c">B</subfield>
  </datafield>
  <datafield tag="999" ind1=" " ind2=" ">
    <subfield code="c">179735</subfield>
    <subfield code="d">179735</subfield>
  </datafield>
  <datafield tag="952" ind1=" " ind2=" ">
    <subfield code="0">0</subfield>
    <subfield code="7">0</subfield>
    <subfield code="b">PPAK</subfield>
    <subfield code="c">G</subfield>
    <subfield code="d">2020-11-23</subfield>
    <subfield code="l">1</subfield>
    <subfield code="m">1</subfield>
    <subfield code="o">398.20959522 HEI</subfield>
    <subfield code="p">A01662385</subfield>
    <subfield code="r">2022-06-28 00:00:00</subfield>
    <subfield code="s">2022-05-18</subfield>
    <subfield code="y">B</subfield>
  </datafield>
  <datafield tag="952" ind1=" " ind2=" ">
    <subfield code="0">0</subfield>
    <subfield code="7">0</subfield>
    <subfield code="b">SP</subfield>
    <subfield code="c">G</subfield>
    <subfield code="d">2020-11-23</subfield>
    <subfield code="l">1</subfield>
    <subfield code="o">398.20959522 HEI</subfield>
    <subfield code="p">A01662386</subfield>
    <subfield code="r">2024-02-26 17:12:03</subfield>
    <subfield code="s">2024-02-06</subfield>
    <subfield code="y">B</subfield>
  </datafield>
  <datafield tag="952" ind1=" " ind2=" ">
    <subfield code="0">0</subfield>
    <subfield code="7">0</subfield>
    <subfield code="b">KM</subfield>
    <subfield code="c">G</subfield>
    <subfield code="d">2020-11-23</subfield>
    <subfield code="l">1</subfield>
    <subfield code="o">398.20959522 HEI</subfield>
    <subfield code="p">A01662387</subfield>
    <subfield code="r">2022-05-25 00:00:00</subfield>
    <subfield code="s">2022-05-07</subfield>
    <subfield code="y">B</subfield>
  </datafield>
  <datafield tag="952" ind1=" " ind2=" ">
    <subfield code="0">0</subfield>
    <subfield code="7">0</subfield>
    <subfield code="b">BL</subfield>
    <subfield code="c">G</subfield>
    <subfield code="d">2020-11-23</subfield>
    <subfield code="o">398.20959522 HEI</subfield>
    <subfield code="p">A01662388</subfield>
    <subfield code="r">2020-11-23 00:00:00</subfield>
    <subfield code="y">B</subfield>
  </datafield>
  <datafield tag="952" ind1=" " ind2=" ">
    <subfield code="0">0</subfield>
    <subfield code="7">0</subfield>
    <subfield code="b">BB</subfield>
    <subfield code="c">G</subfield>
    <subfield code="d">2020-11-23</subfield>
    <subfield code="o">398.20959522 HEI</subfield>
    <subfield code="p">A01662389</subfield>
    <subfield code="r">2020-11-23 00:00:00</subfield>
    <subfield code="y">B</subfield>
  </datafield>
  <datafield tag="952" ind1=" " ind2=" ">
    <subfield code="0">0</subfield>
    <subfield code="7">0</subfield>
    <subfield code="b">MR</subfield>
    <subfield code="c">G</subfield>
    <subfield code="d">2020-11-23</subfield>
    <subfield code="o">398.20959522 HEI</subfield>
    <subfield code="p">A01662390</subfield>
    <subfield code="r">2020-11-23 00:00:00</subfield>
    <subfield code="y">B</subfield>
  </datafield>
</record>
